000 00746nam a2200241 i 4500
001 bg
100 1 _aKLONECKI, Witold
245 1 0 _aStatystyka dla inżynierów /
_cWitold Klonecki.
260 _aWarszawa ;
_aWrocław :
_bWydaw. Naukowe PWN,
_c1999.
300 _a283, [1] s. :
_brys., wykr. ;
_c24 cm.
504 _aBibliogr. s. 279-280.
650 9 _aRachunek prawdopodobieństwa
650 9 _aStatystyka matematyczna
655 _aPodręczniki akademickie
020 _a8301127546
040 _cBPK
041 0 _apl
080 _a519.2(075.8)
920 _a83-01-12754-6
942 _cKS
008 s pl f |000 0 pol
999 _c41111
_d41111
856 _uhttp://koha.tu.koszalin.pl/cgi-bin/koha/opac-detail.pl?biblionumber=41111
_yKatalog online BPK